L'Allemagne pour les touristes... - Statistiques

Statistiques générales
  • Ce quiz a été pris 113 fois
    52 depuis la dernière actualisation
  • Le résultat moyen est 14 sur 20
Statistiques - réponses
Question Indice Réponses % Correct
Quelle est la langue officielle ? Allemand
100%
La conduite se fait à droite ou à gauche ? Droite
98%
Quelle est la monnaie ? Euro
98%
Dans la capitale y-a-t-il un décalage horaire avec Paris ? (oui/non) Non
98%
Quelles sont les principales villes touristiques ? B Berlin
96%
Quelles sont les principales villes touristiques ? M Munich
90%
Quelles autres langues parle-t-on ? F Français
88%
La vitesse sur autoroute généralement illimitée, si elle l'est c'est à {130} km/h
82%
Quelles sont les principales villes touristiques ? F Francfort
78%
Quelles autres langues parle-t-on ? A Anglais
76%
Le suffixe internet est de
76%
Quelles sont les principales villes touristiques ? H Hambourg
76%
Achats à faire 1/ Boisson pétillante Bière
74%
Le taux d'alcoolémie toléré au volant est de {0.5} g/l
68%
La religion majoritaire est C Christianisme
66%
Quelles sont les principales villes touristiques ? C Cologne
56%
Achats à faire 3/ Préparation de viande dans un boyau Saucisse
54%
Achats à faire 2/ Objets fragiles en Porcelaine
42%
On peut y visiter les parcs nationaux de FN Forêt noire
20%
On peut y visiter les parcs nationaux de H Hainich
0%
Aucun quiz correspondant
Distribution des résultats
% des personnes avec chaque résultat
Percentile par nombre de réponses
Votre historique - résultats
Vous n’avez pas pris ce quiz depuis la dernière actualisation